MDQL
is popping MORE tags! Check the
thread
!
Quizzes
Events
Quiz Creation
Community
Videos
Private Events
Remove Ads
Sign In
Join for FREE
Feedback
Dark Mode
Quiz Categories
Sports
Geography
Music
Movies
Television
Just For Fun
Miscellaneous
History
Literature
Language
Science
Gaming
Entertainment
Religion
Holiday
For Kids
Quiz Lab
Recent
Popular Today
Quiz Kudos Today
Editor Picks
Curator Picks
Quizzes by...
Day
Popularity
Type
Ratings
Length
Year
Community
Subscriptions
Recent Discussions
Orange Saloon
Badges
Playlists
Quests
Create
Leaderboards
Showdown
Live 5
Trivia Bingo
Activity
Puzzle Library
Sporcle Events
Private Events
Virtual Trivia
Globe League
Become a Host
Pub Owners
SporcleCon
Opinionation
Our Games
Videos
Blog
Mobile Apps
Partnerships
Remove Ads and Go Orange
Feedback
Music
Pop Music
The Beatles
Song
Album
Lyrics
Bands
Singers
Artist
Clip
Rock
Rap
Classical
Billboard
Country Music
Kpop
Taylor Swift
Music
Pop Music
The Beatles
Song
Album
Lyrics
Bands
Singers
Artist
Clip
Rock
Rap
Classical
Billboard
Country Music
Kpop
Taylor Swift
Random Quiz
Search Sporcle
×
Quiz Lab
Quiz Lab
Music
Nintendo
Type in answers that appear in a list
Type in answers that appear in a list
Classic
Best Score? Go Orange.
ITunes' Most Downloaded Songs Stats
Can you name the 25 all time most downloaded songs on iTunes?
By
abk94
8m
25 Questions
370 Plays
370 Plays
370 Plays
Comments
Comments
Give Quiz Kudos
Give Quiz Kudos
-
- Ratings
hide this ad
Replay
Link that replays current quiz
Next Quiz
Link to next quiz in quiz playlist
You Got
0%
They Got
Avg Score
72%
Avg Friend Score
Upgrade to see
Score Distribution
Jump to the score distribution portion of the page
Score
0/25
Timer
08:00
0
Plays Today
Artist
Song
% Correct
2. Lady Gaga
Poker Face
91.1%
13. Katy Perry
I Kissed a Girl
84.9%
5. Coldplay
Viva La Vida
84.3%
3. Black Eyed Peas
Boom Boom Pow
83%
21. Journey
Don't Stop Believin'
81.9%
1. Black Eyed Peas
I Gotta Feeling
81.1%
6. Lady Gaga
Just Dance
81.1%
24. Owl City
Fireflies
80.3%
4. Jason Mraz
I'm Yours
79.2%
22. Lady Gaga
Bad Romance
79.2%
18. Plain White T's
Hey There Delilah
78.1%
10. Ke$ha
Tik Tok
77.8%
14. Beyonce
Single Ladies
76.5%
Artist
Song
% Correct
7. Flo Rida
Low
76.2%
15.Katy Perry
Hot N Cold
76.2%
23. Kings of Leon
Use Somebody
75.7%
9.Leona Lewis
Bleeding Love
75.1%
8. Taylor Swift
Love Story
74.9%
20. Miley Cyrus
Party in the USA
73%
25. The Fray
How to Save a Life
68.4%
12. P!nk
So What
59.7%
19. Flo Rida
Right Round
57.6%
11.Rihanna
Disturbia
51.4%
16. Kanye West
Stronger
49.7%
17. T.I. (feat. Rihanna)
Live Your Life
26.2%
Quiz Playlist
Details
Report
Send in Message
Add To Playlist
Classic:
Type in answers that appear in a list
Last Updated: Feb 16, 2017
Quiz Scoreboard
CHALLENGE
Sign Up to Join the Scoreboard
Show All
Scores
Hide
Comments
May contain spoilers
Recently Published
1-10 Letter E Words III
by El_Dandy
Language
2m
Street Fighter Characters
by Artimus82
Gaming
60s
College Basketball Coaching Resumes
by pancakes188
Sports
9m
More to Explore
Quiz From the Vault
Featured Blog Post
Where Did the Easter Bunny Come From?
hide this ad
You Might Also Like...
Tags
Artist Quiz
Nintendo Quiz
Song Quiz
Downloaded
tune
Today's Top Quizzes in Music
Browse Music
hide this ad
Today's Top Quizzes in Nintendo
Browse Nintendo
Top Contributed Quizzes in Music
1
Taylor Swift All Songs (2024)
2
Taylor Swift Logic Puzzle
3
Guess the Artist- 70s Songs
4
7-to-1: Billboard Hot 100 #1 Hits of 2010s
5
Sorting Albums and Songs
6
KPOP LOGIC QUIZ
7
Billboard Blitz: Aretha Franklin
8
Guess the Taylor Swift song (Mystery Song)
9
Guess The Taylor Swift Lyrics Song #1
10
Billboard Blitz: ABBA
Explore More
Trending Topics
Kpop
Marvel
Disney
Crossword
Anime
NBA
Harry Potter
Soccer
Puzzle
WWE
Pokémon
NFL
Song
Country
The Office
hide this ad
More By:
abk94
Quiz
Plays
Rating
Category
Featured
Created
One Tree Hill Characters
2,908
4.50
Television
Feb 22, 2010
10 Things I Hate About You
1,777
3.83
Movies
Feb 27, 2010
iTunes' Most Downloaded Songs
370
2.86
Music
Feb 27, 2010
High School Movies by Actor(s)
347
5.00
Movies
Feb 27, 2010
Before and After Movies
213
3.20
Movies
Aug 12, 2010
Go to Creator's Profile
Score Distribution
Quiz Creator Spotlight
abk94
Follow
Send a Message
Quizzes Created
-
Created Quiz Play Count
-
More By This Creator
Popular Quizzes Today
1
Find the US States - No Outlines Minefield
2
Find the Countries of Europe - No Outlines Minefield
3
The Countries of the World
4
Find the US States
5
Risky Map Clicking: Biggest States A-Z
6
US States
7
Popular People in 1961
8
Movies - When Are They Set?
More Music Quizzes
Twice Singles: Who Sings First?
Quiz Lab
Trending Quizzes
Risky Map Clicking: Least Populous States A-Z
1-10 Letter G Words
1-10 Letter F Words
Countries of the World: 200 Million BC
Risky Map Clicking: Next State Alphabetically
Recently Updated
Beyoncé Albums
pecheneg
Leaping Animals
pecheneg
Reality TV Shows (A-Z)
bhenderson79
Rickey Henderson's Hall of Fame Teammates
pecheneg
Champions League XIs: Arsenal
pecheneg
Quick Pick: Celebrities in WWE's Hall of Fame
aduchscher
A-Z Keypad Blitz II
pecheneg
Multiple Oscar Actors
pecheneg
Mystery Phrase Blitz: Oscar 'Best Actors'
pecheneg
F. Scott Fitzgerald Novels
LTH
Trending Topics
Harry Potter
Anime
NBA
Disney
Marvel
Kpop
Crossword
Soccer
Puzzle
WWE
NFL
The Office
Country
Song
Pokémon
Your Account Isn't Verified!
In order to create a playlist on Sporcle, you need to verify the email address you used during registration. Go to your
Sporcle Settings
to finish the process.
Report this User
Report this user for behavior that violates our
Community Guidelines
.
Details:
Send Report
Go to the Sporcle.com Mobile Site →
Comments